000 00673nam a2200205 a 4500
005 20240815063718.0
008 080305s2002 mx r 000 0 spa d
020 _a9706906908
035 _aUPN01000154751
049 _aI
050 4 _aQL49
_bT3.7
100 1 _aTaylor, Barbara Ann,
_d1954-
_933207
245 1 0 _aSupervivencia :
_bvida en los hábitats más inhóspitos /
_cBarbara Taylor ; tr. Luis E. Pérez Villanueva.
260 _aMéxico :
_bPlaneta,
_cc2002.
300 _a96 p. :
_bil. col.
440 0 _aPlaneta Junior.
_pMegabites
650 4 _aAnimales
_xHábitos y comportamiento
_91059
650 4 _aANIMALES -
_vLITERATURA JUVENIL
_91062
905 _aInfantil
999 _c126867
_d126867